000 00430nam a22001697a 4500
005 20180704145733.0
008 160525b xxu||||| |||| 00| 0 eng d
020 _a978-81-7758-786-9
041 _aeng
082 _b4923
_a658.15
100 _ahorne, James C.van
_94461
245 _aFundamental of Financial Mgt.
260 _aNew Delhi
_bAcademic Faundation
_c2008
300 _a644
650 _aManagement
_9241
942 _cBK
999 _c1722
_d1721